Vista normal
Vista MARC
Entrada Corporate Name
Número de registros utilizados en: 2
001 - CONTROL NUMBER
- control field: 7063
003 - CONTROL NUMBER IDENTIFIER
- control field: OSt
005 - DATE AND TIME OF LATEST TRANSACTION
- control field: 20200711120743.0
008 - FIXED-LENGTH DATA ELEMENTS
- fixed length control field: 200711|| aca||aabn | a|a d
040 ## - CATALOGING SOURCE
- Original cataloging agency: OSt
- Transcribing agency: OSt
110 ## - HEADING--CORPORATE NAME
- Corporate name or jurisdiction name as entry element: Instituto Latinoamericano de Planificación económica y Social
670 ## - SOURCE DATA FOUND
- Source citation: Work cat.: (OSt)5822: Instituto Latinoamericano de Planificación económica y Social , Guía para la presentación de proyectos /, 1973